[Event "Acropolis 2006 Women Section"]
[Site "http://www.chessfed.gr/Acropo"]
[Date "2006.08.19"]
[Round "7.7"]
[White "Karlovich, Anastazia"]
[Black "Meenakshi, S."]
[Result "1/2-1/2"]
[WhiteElo "2285"]
[BlackElo "2310"]
[PlyCount "37"]
[EventDate "2006.08.13"]

1. e4 e5 2. Nf3 Nf6 3. Nc3 Nc6 4. d4 exd4 5. Nxd4 Bb4 6. Nxc6 bxc6 7. Bd3 d5 8.
exd5 cxd5 9. O-O O-O 10. Bg5 c6 11. Na4 h6 12. Bh4 Re8 13. c4 Rb8 14. Rc1 Bd6
15. b3 Bf4 16. Rc2 g5 17. Bg3 Bg4 18. Qa1 Nh5 19. Qd4 1/2-1/2

[Event "Acropolis 2006 Women Section"]
[Site "http://www.chessfed.gr/Acropo"]
[Date "2006.08.19"]
[Round "7.8"]
[White "Makka, Ioulia"]
[Black "Sorokina, Anastasia"]
[Result "0-1"]
[WhiteElo "2219"]
[BlackElo "2221"]
[PlyCount "62"]
[EventDate "2006.08.13"]

1. e4 c5 2. Nf3 e6 3. b3 Nc6 4. Bb2 d6 5. d4 cxd4 6. Nxd4 Nf6 7. Bd3 e5 8. Nxc6
bxc6 9. O-O Be7 10. Nd2 O-O 11. Nc4 Be6 12. Qe2 Nd7 13. f4 f6 14. Rad1 d5 15.
Ne3 d4 16. Bc4 Bxc4 17. Qxc4+ Kh8 18. Nf5 Bc5 19. Kh1 g6 20. fxe5 gxf5 21. e6
fxe4 22. exd7 Qe7 23. Bxd4 Bxd4 24. Qxd4 c5 25. Qc3 Rad8 26. Rfe1 Rg8 27. Rd5
Qg7 28. g3 Qe7 29. Qc4 Rg4 30. h3 Rxg3 31. Qxe4 Rdg8 0-1

[Event "Acropolis 2006 Women Section"]
[Site "http://www.chessfed.gr/Acropo"]
[Date "2006.08.19"]
[Round "7.9"]
[White "Smokina, Karolina"]
[Black "Vijayalakshmi, Subbaraman"]
[Result "0-1"]
[WhiteElo "2215"]
[BlackElo "2417"]
[PlyCount "150"]
[EventDate "2006.08.13"]

1. d4 Nf6 2. Nf3 e6 3. Bg5 c5 4. c3 d5 5. e3 Nbd7 6. Nbd2 Be7 7. Bd3 h6 8. Bh4
O-O 9. Ne5 cxd4 10. exd4 Nxe5 11. dxe5 Nd7 12. Bxe7 Qxe7 13. Qe2 Nc5 14. Bc2 b6
15. Qe3 a5 16. Nf3 Ba6 17. Nd4 Rfc8 18. a4 Qe8 19. g4 Kf8 20. h4 Ke7 21. f3 Kd8
22. Kf2 Qe7 23. g5 hxg5 24. hxg5 Kc7 25. Rh7 Rh8 26. Rah1 Rxh7 27. Rxh7 Rg8 28.
b4 axb4 29. cxb4 Nd7 30. Qc3+ Bc4 31. f4 Kb7 32. Nf3 Nf8 33. Rh1 Nd7 34. Rh7
Nf8 35. Rh1 Qc7 36. Nd2 Nd7 37. Nxc4 dxc4 38. Be4+ Kb8 39. Rc1 Rc8 40. Kg3 f6
41. gxf6 gxf6 42. exf6 e5 43. Kf3 exf4 44. Qd4 Ne5+ 45. Kf2 Rd8 46. Qc3 Qd6 47.
f7 Nxf7 48. Qxc4 Ne5 49. Qc3 Qd2+ 50. Kf1 Qxc3 51. Rxc3 Rd4 52. Bf5 Rxb4 53.
Rc8+ Kb7 54. Re8 Nc4 55. Bd7 Kc7 56. Bb5 Kd6 57. Rb8 Kc5 58. Rc8+ Kd4 59. Rc6
Rb1+ 60. Kg2 Ne3+ 61. Kf3 Nd5 62. Rc4+ Ke5 63. Re4+ Kd6 64. Bc4 Kc5 65. Bxd5
Kxd5 66. Re8 Rb4 67. Ra8 Ke5 68. Re8+ Kd6 69. Ra8 Kc7 70. Rf8 Rxa4 71. Rxf4
Rxf4+ 72. Kxf4 Kc6 73. Ke4 Kc5 74. Kd3 Kb4 75. Kc2 Ka3 0-1

[Event "Acropolis 2006 Women Section"]
[Site "http://www.chessfed.gr/Acropo"]
[Date "2006.08.19"]
[Round "7.10"]
[White "Fakhiridou, Ekaterini"]
[Black "Iordanidou, Zoi"]
[Result "1-0"]
[WhiteElo "2296"]
[BlackElo "1968"]
[PlyCount "75"]
[EventDate "2006.08.13"]

1. e4 d5 2. exd5 Nf6 3. Bb5+ Bd7 4. Be2 Nxd5 5. d4 Bf5 6. Nf3 e6 7. O-O Be7 8.
a3 O-O 9. c4 Nb6 10. Nc3 N8d7 11. c5 Nd5 12. Nxd5 exd5 13. Qb3 b6 14. Qxd5 Be6
15. Qc6 bxc5 16. Bf4 Rc8 17. Rad1 Qe8 18. Bb5 Nf6 19. Ne5 Bd5 20. Qxe8 Nxe8 21.
dxc5 Be6 22. b4 f5 23. Nc6 Bf6 24. Ba6 g5 25. Bxc8 Bxc8 26. Be5 Bxe5 27. Nxe5
a6 28. Rd8 Ng7 29. Rxf8+ Kxf8 30. a4 Ne6 31. Rc1 Nd4 32. Rd1 Ne6 33. b5 Ke8 34.
Nd3 Kf7 35. b6 cxb6 36. cxb6 Kf6 37. Rc1 Bb7 38. Nc5 1-0

[Event "Acropolis 2006 Women Section"]
[Site "http://www.chessfed.gr/Acropo"]
[Date "2006.08.19"]
[Round "7.11"]
[White "Kononenko, Tatiana"]
[Black "Makka, Evanthia"]
[Result "1-0"]
[WhiteElo "2392"]
[BlackElo "2032"]
[PlyCount "51"]
[EventDate "2006.08.13"]

1. d4 d5 2. c4 c6 3. Nf3 Nf6 4. e3 Bg4 5. h3 Bh5 6. Nc3 e6 7. g4 Bg6 8. Ne5
Nbd7 9. Nxg6 hxg6 10. Bd2 Be7 11. Qf3 g5 12. Bd3 Qb6 13. O-O-O O-O-O 14. h4
dxc4 15. Bxc4 Nd5 16. Qxf7 Rdf8 17. Qxe6 Nxc3 18. Bxc3 Bb4 19. Bxb4 Qxb4 20. a3
Qb6 21. Rd2 gxh4 22. g5 Qa5 23. Qg4 Rf5 24. Be6 Rxg5 25. Bxd7+ Kd8 26. Qh3 1-0

[Event "Acropolis 2006 Women Section"]
[Site "http://www.chessfed.gr/Acropo"]
[Date "2006.08.19"]
[Round "7.12"]
[White "Stiri, Alexandra"]
[Black "Pambalou, Fotini"]
[Result "1-0"]
[WhiteElo "2186"]
[BlackElo "2127"]
[PlyCount "45"]
[EventDate "2006.08.13"]

1. e4 e5 2. Nf3 Nc6 3. d4 exd4 4. Nxd4 Bc5 5. Be3 Qf6 6. c3 Nge7 7. g3 d5 8.
Bg2 dxe4 9. O-O O-O 10. Nd2 Bxd4 11. cxd4 Qg6 12. Nxe4 Bf5 13. Nc3 Rad8 14. Qb3
Nxd4 15. Qxb7 Nc2 16. Bc5 Rd7 17. Rad1 Bd3 18. Be4 Bxe4 19. Nxe4 Qe6 20. Ng5
Qg4 21. Rxd7 Qxd7 22. Qe4 g6 23. Qxe7 1-0

[Event "Acropolis 2006 Women Section"]
[Site "http://www.chessfed.gr/Acropo"]
[Date "2006.08.19"]
[Round "7.13"]
[White "Ikonomopoulou, Maria"]
[Black "Stefanidi, Maria-Anna"]
[Result "1-0"]
[WhiteElo "1976"]
[BlackElo "2176"]
[PlyCount "57"]
[EventDate "2006.08.13"]

1. e4 c5 2. Nf3 d6 3. d4 cxd4 4. Nxd4 Nf6 5. Nc3 g6 6. Be3 Bg7 7. f3 Nc6 8. Qd2
O-O 9. Bc4 Bd7 10. h4 h5 11. O-O-O Rc8 12. Bb3 Ne5 13. Bg5 Nc4 14. Bxc4 Rxc4
15. e5 Ne8 16. Qe2 Rxc3 17. bxc3 Bxe5 18. Qc4 Nc7 19. f4 b5 20. Qd3 Bg7 21. f5
Kh7 22. g4 Bxd4 23. cxd4 gxf5 24. gxf5 f6 25. Bd2 Ne8 26. Rdg1 Ng7 27. Rxg7+
Kxg7 28. Qg3+ Kh8 29. Qg6 1-0

[Event "Acropolis 2006 Women Section"]
[Site "http://www.chessfed.gr/Acropo"]
[Date "2006.08.19"]
[Round "7.14"]
[White "Grapsa, Georgia"]
[Black "Petraki, Maria"]
[Result "0-1"]
[WhiteElo "2098"]
[BlackElo "2094"]
[PlyCount "68"]
[EventDate "2006.08.13"]

1. d4 Nf6 2. g3 g6 3. Bg2 d5 4. Nf3 Bg7 5. O-O O-O 6. Nbd2 Bf5 7. c3 Qc8 8. Re1
c5 9. e3 Rd8 10. a4 Nc6 11. a5 Qc7 12. Qa4 Rac8 13. dxc5 Nd7 14. Qa3 Nce5 15.
b4 Nd3 16. Rd1 b6 17. Nd4 bxc5 18. Nxf5 gxf5 19. b5 e6 20. Nf3 N3e5 21. Nxe5
Nxe5 22. Qb3 c4 23. Qc2 Rb8 24. Qa4 Nd7 25. Bd2 Nc5 26. Qb4 Nd3 27. Qa4 Nb2 28.
Qb4 Nxd1 29. Rxd1 Bf8 30. Qa4 Qd7 31. Rb1 a6 32. e4 dxe4 33. Bf4 Rxb5 34. Re1
Rb1 0-1

[Event "Acropolis 2006 Women Section"]
[Site "http://www.chessfed.gr/Acropo"]
[Date "2006.08.19"]
[Round "7.15"]
[White "Sperdokli, Elli"]
[Black "Stavropoulou, Katerina"]
[Result "1/2-1/2"]
[WhiteElo "2129"]
[BlackElo "1996"]
[PlyCount "41"]
[EventDate "2006.08.13"]

1. e4 e5 2. d4 exd4 3. Qxd4 Nc6 4. Qe3 Nf6 5. Nc3 Be7 6. Bc4 d6 7. f3 Nb4 8.
Bb3 d5 9. exd5 Nfxd5 10. Nxd5 Nxd5 11. Qd4 Nf6 12. Qxd8+ Bxd8 13. Bf4 O-O 14.
O-O-O Re8 15. g4 Be6 16. Bxe6 Rxe6 17. Nh3 c6 18. Rhe1 Rxe1 19. Rxe1 Bb6 20. c4
Re8 21. Rxe8+ 1/2-1/2

[Event "Acropolis 2006 Women Section"]
[Site "http://www.chessfed.gr/Acropo"]
[Date "2006.08.19"]
[Round "7.16"]
[White "Nikolaidou, Eleni"]
[Black "Foisor, Mihaela-Veronica"]
[Result "1/2-1/2"]
[WhiteElo "1897"]
[BlackElo "2005"]
[PlyCount "116"]
[EventDate "2006.08.13"]

1. e4 c5 2. c3 g6 3. d4 cxd4 4. cxd4 d5 5. exd5 Nf6 6. Bb5+ Bd7 7. Bc4 Bg7 8.
d6 exd6 9. Qe2+ Qe7 10. Qxe7+ Kxe7 11. Nc3 Nc6 12. Bg5 Rhe8 13. Nge2 Kf8 14.
O-O Na5 15. Bd3 Rac8 16. Bxf6 Bxf6 17. Ne4 Be7 18. d5 f5 19. N4c3 Bf6 20. Rac1
Nc4 21. Bxc4 Rxc4 22. b3 Rc7 23. f3 Rec8 24. Nb1 Bb5 25. Rxc7 Rxc7 26. Nf4 Bd4+
27. Kh1 Bxf1 28. Ne6+ Ke7 29. Nxc7 Bb6 30. Ne6 Be3 31. Na3 b5 32. Nc2 Bb6 33.
h4 Bd3 34. Ncd4 a5 35. Nc6+ Kf6 36. Kh2 b4 37. g4 fxg4 38. fxg4 Bb1 39. g5+ Kf7
40. Ned8+ Ke8 41. Nb7 Kd7 42. Nbxa5 Bxa5 43. Nxa5 Bxa2 44. Nc6 Bxb3 45. Nxb4
Kc7 46. Kg3 Kb6 47. Kf4 Kc5 48. Nd3+ Kxd5 49. Nf2 Kc4 50. Ke3 d5 51. Kd2 Kd4
52. Ng4 Ba2 53. Nf6 Ke5 54. Nxh7 Kf4 55. Nf6 Kg3 56. h5 gxh5 57. Nxh5+ Kg4 58.
Nf6+ Kxg5 1/2-1/2

[Event "Acropolis 2006 Women Section"]
[Site "http://www.chessfed.gr/Acropo"]
[Date "2006.08.19"]
[Round "7.17"]
[White "Paganoglou, Anastasia"]
[Black "Pagali, Marianna"]
[Result "1/2-1/2"]
[WhiteElo "1935"]
[BlackElo "1924"]
[PlyCount "70"]
[EventDate "2006.08.13"]

1. e4 c6 2. Nc3 d5 3. Nf3 dxe4 4. Nxe4 Nd7 5. d4 Ngf6 6. Ng3 e6 7. Bd3 c5 8.
O-O Be7 9. c3 O-O 10. Be3 Qc7 11. Re1 b6 12. Qc2 Bb7 13. Ng5 g6 14. N5e4 Nd5
15. Bh6 Rfe8 16. dxc5 Nxc5 17. Nxc5 Bxc5 18. Ne4 Be7 19. Qd2 Nf6 20. Nxf6+ Bxf6
21. Re3 Rad8 22. Qe2 Rd5 23. Rh3 Re5 24. Qg4 Ra5 25. a3 Qc6 26. Re1 Ra4 27. Qf3
Qxf3 28. gxf3 Rd8 29. Be4 Ba6 30. Bc1 Ra5 31. f4 Rc5 32. Rg3 Bg7 33. h3 Rc7 34.
Kh2 Rcd7 35. Rgg1 Bc4 1/2-1/2

[Event "Acropolis 2006 Women Section"]
[Site "http://www.chessfed.gr/Acropo"]
[Date "2006.08.20"]
[Round "8.1"]
[White "Melia, Salome"]
[Black "Danielian, Elina"]
[Result "1/2-1/2"]
[WhiteElo "2381"]
[BlackElo "2423"]
[PlyCount "58"]
[EventDate "2006.08.13"]

1. e4 e6 2. d4 d5 3. Nc3 Nf6 4. e5 Nfd7 5. f4 c5 6. Nf3 Nc6 7. Be3 cxd4 8. Nxd4
Bc5 9. Qd2 O-O 10. O-O-O a6 11. h4 Qc7 12. Rh3 b5 13. Kb1 Bb7 14. Rg3 Bxd4 15.
Bxd4 Nxd4 16. Qxd4 f6 17. exf6 Rxf6 18. Ne4 dxe4 19. Qxd7 Qxd7 20. Rxd7 Rf7 21.
Rxf7 Kxf7 22. Rc3 Kf6 23. g3 e5 24. Rc7 Bd5 25. c4 bxc4 26. Bxc4 Bxc4 27. Rxc4
exf4 28. Rxe4 fxg3 29. Rg4 Re8 1/2-1/2

[Event "Acropolis 2006 Women Section"]
[Site "http://www.chessfed.gr/Acropo"]
[Date "2006.08.20"]
[Round "8.2"]
[White "Krivec, Jana"]
[Black "Makropoulou, Marina"]
[Result "1/2-1/2"]
[WhiteElo "2316"]
[BlackElo "2297"]
[PlyCount "142"]
[EventDate "2006.08.13"]

1. e4 e5 2. Nc3 Nf6 3. g3 d5 4. exd5 Nxd5 5. Bg2 Nxc3 6. bxc3 Bc5 7. Nf3 Nc6 8.
O-O O-O 9. Qe2 Re8 10. d3 Bb6 11. Ng5 Bf5 12. g4 Bg6 13. h4 h5 14. Be4 Ne7 15.
gxh5 Bxe4 16. Qxe4 f5 17. Qxe5 Qd6 18. Qxd6 cxd6 19. Ba3 Nd5 20. c4 Nf6 21.
Bxd6 Re2 22. c5 Ba5 23. c4 b6 24. cxb6 axb6 25. Rab1 Nxh5 26. Bc7 Rxa2 27. Bxb6
Bd2 28. Be3 Bc3 29. Rb3 Bf6 30. Rfb1 Kf8 31. Rb8+ Rxb8 32. Rxb8+ Ke7 33. Nf3 f4
34. Bd4 Bxd4 35. Nxd4 Rd2 36. Rb3 Nf6 37. Nf3 Rd1+ 38. Kg2 Ke6 39. Rb6+ Kf5 40.
Rb5+ Ke6 41. Ng5+ Ke7 42. Rb7+ Ke8 43. Rb3 Kd7 44. Nh3 Nh5 45. Kf3 Kc6 46. Nxf4
Nf6 47. Rb5 Rh1 48. Rg5 Rxh4 49. Rxg7 Rxf4+ 50. Kxf4 Nh5+ 51. Ke5 Nxg7 52. f4
Kd7 53. f5 Ne8 54. c5 Ke7 55. c6 Nf6 56. d4 Ng4+ 57. Kd5 Ne3+ 58. Ke4 Ng4 59.
Kf4 Nf6 60. Ke5 Ng4+ 61. Kd5 Ne3+ 62. Ke4 Ng4 63. Kf4 Nf6 64. Kg5 Nd5 65. Kg6
Nf4+ 66. Kg7 Kd6 67. f6 Kxc6 68. f7 Ne6+ 69. Kf6 Kd6 70. d5 Nf8 71. Kg7 Nd7
1/2-1/2

[Event "Acropolis 2006 Women Section"]
[Site "http://www.chessfed.gr/Acropo"]
[Date "2006.08.20"]
[Round "8.3"]
[White "Rogule, Laura"]
[Black "Foisor, Cristina Adela"]
[Result "0-1"]
[WhiteElo "2342"]
[BlackElo "2393"]
[PlyCount "122"]
[EventDate "2006.08.13"]

1. c4 g6 2. Nc3 Bg7 3. g3 e5 4. Bg2 d6 5. e4 Nf6 6. Nge2 O-O 7. O-O a6 8. d3 c6
9. h3 b5 10. Be3 Nbd7 11. Qd2 Re8 12. Bh6 Rb8 13. Bxg7 Kxg7 14. b3 b4 15. Nd1
Nc5 16. f4 Ne6 17. f5 Nd4 18. Nxd4 exd4 19. c5 Rb5 20. cxd6 Qxd6 21. g4 gxf5
22. gxf5 Kh8 23. Nb2 Rg8 24. Rf4 Nd7 25. Nc4 Qh6 26. Kh1 Ne5 27. Raf1 f6 28.
Nd6 Rb8 29. Qf2 c5 30. Rd1 Bd7 31. Rh4 Qg5 32. Nc4 Nxc4 33. dxc4 Qg3 34. Rf1
Bc6 35. Rh6 Qxf2 36. Rxf2 Rbf8 37. Bf3 Rg5 38. Kh2 a5 39. Re2 Rg7 40. Bg4 d3
41. Re3 d2 42. Rd3 Rd7 43. Rxd7 Bxd7 44. Bd1 Bc6 45. e5 Kg7 46. Rxf6 Rxf6 47.
exf6+ Kxf6 48. Kg3 Kxf5 49. Kf2 Kf4 50. h4 Bd7 51. Ke2 Bg4+ 52. Kxd2 Bxd1 53.
Kxd1 Kg4 54. Ke2 Kxh4 55. Kf3 Kg5 56. Ke4 h5 57. Kd5 h4 58. Kxc5 h3 59. Kb6 h2
60. c5 h1=Q 61. c6 Kf6 0-1

[Event "Acropolis 2006 Women Section"]
[Site "http://www.chessfed.gr/Acropo"]
[Date "2006.08.20"]
[Round "8.4"]
[White "Pokorna, Regina"]
[Black "Foisor, Sabina-Francesca"]
[Result "0-1"]
[WhiteElo "2342"]
[BlackElo "2292"]
[PlyCount "132"]
[EventDate "2006.08.13"]

1. e4 g6 2. d4 c6 3. Nd2 Bg7 4. c3 d5 5. Ngf3 Nh6 6. Bd3 O-O 7. O-O f6 8. Re1
Nf7 9. c4 e6 10. Nf1 dxe4 11. Bxe4 Nd7 12. Be3 f5 13. Bc2 Qc7 14. Qd2 c5 15.
Bf4 Qb6 16. b4 Qxb4 17. Qxb4 cxb4 18. Bd2 a5 19. Rxe6 Rd8 20. Rae1 Nf8 21. Re8
Bd7 22. Rxd8 Rxd8 23. d5 Rc8 24. Bd3 Bf6 25. Ng3 Ba4 26. h3 Nd6 27. Rc1 Bb2 28.
Rb1 Bf6 29. Rc1 Nd7 30. Be3 Bb2 31. Rb1 Bf6 32. Rc1 Nc5 33. Bf1 Bd7 34. Nd2 a4
35. Rb1 Bc3 36. Ne2 Bxd2 37. Bxd2 b3 38. axb3 Nxb3 39. Bb4 Nxc4 40. Nf4 Nb6 41.
Re1 Re8 42. Rxe8+ Bxe8 43. h4 Kf7 44. Be2 Nd4 45. Bd1 Nc4 46. Bc5 Nb3 47. Bb4
Nb2 48. Be2 Nd4 49. Bf1 Nc2 50. Bc3 a3 51. d6 b5 52. Nd3 Na4 53. Be5 Ke6 54. f4
a2 55. Be2 a1=Q+ 56. Bxa1 Nxa1 57. g4 Kxd6 58. Kf2 Nc3 59. Bf3 Nc2 60. Nc1 b4
61. h5 Ne4+ 62. Kg1 Bb5 63. hxg6 hxg6 64. gxf5 gxf5 65. Bh5 Bc4 66. Bg6 Ne3 0-1

[Event "Acropolis 2006 Women Section"]
[Site "http://www.chessfed.gr/Acropo"]
[Date "2006.08.20"]
[Round "8.5"]
[White "Vijayalakshmi, Subbaraman"]
[Black "Fakhiridou, Ekaterini"]
[Result "1-0"]
[WhiteElo "2417"]
[BlackElo "2296"]
[PlyCount "67"]
[EventDate "2006.08.13"]

1. Nf3 d6 2. g3 g6 3. Bg2 Bg7 4. O-O e5 5. c4 Nh6 6. Nc3 O-O 7. d4 f6 8. dxe5
fxe5 9. c5 Nf7 10. cxd6 cxd6 11. Be3 Nc6 12. Qd2 Qa5 13. Rfd1 Bg4 14. h3 Bf5
15. Ng5 Nxg5 16. Bxg5 Qb4 17. a3 Qd4 18. Nb5 Qb6 19. Qd5+ Kh8 20. Be3 Qa5 21.
Nxd6 Qxd5 22. Bxd5 Ne7 23. Nf7+ Kg8 24. Nh6+ Kh8 25. Bb3 Bf6 26. g4 Bc8 27.
Nf7+ Kg8 28. g5 Bg7 29. Bc5 Re8 30. Bxe7 Rxe7 31. Rd8+ Bf8 32. Nh6+ Kg7 33. Rc1
Rd7 34. Rdxc8 1-0

[Event "Acropolis 2006 Women Section"]
[Site "http://www.chessfed.gr/Acropo"]
[Date "2006.08.20"]
[Round "8.6"]
[White "Papadopoulou, Vera"]
[Black "Zawadzka, Jolanta"]
[Result "1/2-1/2"]
[WhiteElo "2217"]
[BlackElo "2378"]
[PlyCount "100"]
[EventDate "2006.08.13"]

1. d4 d5 2. c4 c6 3. Nf3 Nf6 4. cxd5 cxd5 5. Nc3 Nc6 6. Bf4 a6 7. e3 Bg4 8. Be2
e6 9. O-O Be7 10. Rc1 O-O 11. Ne5 Bxe2 12. Qxe2 Nxe5 13. Bxe5 Nd7 14. Bg3 b5
15. a4 b4 16. Nb1 Nf6 17. Rc6 a5 18. Rfc1 Ne4 19. Nd2 Nxd2 20. Qxd2 h5 21. h3
Qd7 22. Rc7 Qe8 23. b3 f6 24. Qe2 Bd8 25. Rb7 Qg6 26. Qb5 Kh7 27. Qd7 f5 28.
Bd6 Rg8 29. Rc6 Bg5 30. Be5 Rae8 31. Rcc7 Re7 32. Qc6 Rxc7 33. Qxc7 Bd8 34. Qd7
h4 35. Ra7 Bg5 36. Rxa5 f4 37. exf4 Bh6 38. Ra6 Qb1+ 39. Kh2 Qf5 40. Qc7 Rf8
41. Rb6 Qe4 42. f3 Qe1 43. Qc2+ Rf5 44. Qd3 Qg3+ 45. Kg1 Qe1+ 46. Qf1 Rxe5 47.
dxe5 Qe3+ 48. Qf2 Qc1+ 49. Qf1 Qe3+ 50. Qf2 Qc1+ 1/2-1/2

[Event "Acropolis 2006 Women Section"]
[Site "http://www.chessfed.gr/Acropo"]
[Date "2006.08.20"]
[Round "8.9"]
[White "Kononenko, Tatiana"]
[Black "Ikonomopoulou, Maria"]
[Result "1-0"]
[WhiteElo "2392"]
[BlackElo "1976"]
[PlyCount "71"]
[EventDate "2006.08.13"]

1. d4 d5 2. c4 c6 3. Nf3 Nf6 4. e3 e6 5. Bd3 Nbd7 6. Nbd2 Bd6 7. O-O O-O 8. e4
e5 9. cxd5 cxd5 10. exd5 exd4 11. Nxd4 Ne5 12. Bc2 Nxd5 13. Ne4 Bb8 14. Bb3 Nb4
15. Bg5 Qd7 16. Qd2 Ned3 17. Be3 Qg4 18. f3 Qh5 19. Ng3 Bxg3 20. hxg3 Qg6 21.
Rad1 Qxg3 22. a3 a5 23. axb4 Nxb4 24. Ne2 Qe5 25. Bd4 Qb5 26. Nc3 Qh5 27. Qf4
Ra6 28. Rfe1 Bf5 29. Re5 Rf6 30. Rxa5 b6 31. Rb5 Nd3 32. Rxd3 Bxd3 33. Qxf6
gxf6 34. Rxh5 Bg6 35. Rd5 Re8 36. Bxf6 1-0

[Event "Acropolis 2006 Women Section"]
[Site "http://www.chessfed.gr/Acropo"]
[Date "2006.08.20"]
[Round "8.11"]
[White "Makka, Evanthia"]
[Black "Stiri, Alexandra"]
[Result "0-1"]
[WhiteElo "2032"]
[BlackElo "2186"]
[PlyCount "76"]
[EventDate "2006.08.13"]

1. d4 Nf6 2. c3 e6 3. Bf4 c5 4. e3 b6 5. Nf3 Be7 6. h3 O-O 7. Bd3 cxd4 8. exd4
Ba6 9. O-O d6 10. Re1 Bxd3 11. Qxd3 Nc6 12. Nbd2 Qd7 13. Ne4 Nxe4 14. Qxe4 Na5
15. d5 e5 16. Bd2 f5 17. Qe2 Bf6 18. b3 h6 19. Rac1 Nb7 20. b4 Nd8 21. Qa6 Nf7
22. Nh2 g5 23. c4 e4 24. Bc3 Bxc3 25. Rxc3 Ne5 26. Rd1 Nd3 27. Rb1 Rac8 28. Qa3
Rc7 29. Qb3 Rfc8 30. a4 Qg7 31. a5 Qd4 32. axb6 Qxf2+ 33. Kh1 axb6 34. Rf1 Qd4
35. Nf3 Nf2+ 36. Kh2 exf3 37. Rxf3 Ne4 38. Rxf5 Nd2 0-1

[Event "Acropolis 2006 Women Section"]
[Site "http://www.chessfed.gr/Acropo"]
[Date "2006.08.20"]
[Round "8.12"]
[White "Iordanidou, Zoi"]
[Black "Smokina, Karolina"]
[Result "1-0"]
[WhiteElo "1968"]
[BlackElo "2215"]
[PlyCount "165"]
[EventDate "2006.08.13"]

1. e4 c5 2. Nf3 Nc6 3. d4 cxd4 4. Nxd4 e5 5. Nb5 d6 6. N1c3 a6 7. Na3 Be6 8.
Nc4 Rc8 9. a4 Nd4 10. Ne3 Nf6 11. Bd3 Be7 12. O-O O-O 13. f4 b5 14. axb5 axb5
15. f5 Bc4 16. Bxc4 bxc4 17. Ned5 Nxd5 18. Nxd5 Bf6 19. Qg4 Kh8 20. Nxf6 gxf6
21. Ra3 c3 22. Rxc3 Rxc3 23. bxc3 Rg8 24. Qh5 Nxc2 25. Qe2 Qb6+ 26. Kh1 Na1 27.
Be3 Qa5 28. Qb2 Ra8 29. Qd2 Qa6 30. Rd1 Qc6 31. Qxd6 Qxd6 32. Rxd6 Nc2 33. Bg1
Rc8 34. Rxf6 Kg7 35. Ra6 Rxc3 36. Ra5 f6 37. Rc5 Rxc5 38. Bxc5 Na1 39. Kg1 Nb3
40. Bb4 Nd4 41. Kf2 Kf7 42. g4 Kg7 43. h4 h6 44. Bc3 Nc6 45. Ke2 Nd8 46. g5
hxg5 47. hxg5 Nc6 48. g6 Ne7 49. Kf3 Nc6 50. Kg4 Kh6 51. Bd2+ Kg7 52. Kh5 Ne7
53. Be3 Nc6 54. Bh6+ Kg8 55. Kg4 Ne7 56. Kf3 Nc6 57. Ke3 Nb4 58. Kd2 Nc6 59.
Kc3 Nd4 60. Kc4 Nf3 61. Kd5 Nh2 62. Ke6 Ng4 63. Ke7 Nxh6 64. Kxf6 Ng4+ 65. Ke7
Kg7 66. Ke6 Nf2 67. f6+ Kf8 68. g7+ Kg8 69. f7+ Kxg7 70. Ke7 Nxe4 71. f8=Q+ Kg6
72. Ke6 Ng5+ 73. Kxe5 Nf7+ 74. Kf4 Kf6 75. Qc5 Kg7 76. Qe7 Kg6 77. Qe6+ Kg7 78.
Kf5 Nh6+ 79. Kg5 Nf7+ 80. Kh5 Kh8 81. Qe8+ Kg7 82. Qe7 Kg8 83. Kg6 1-0

[Event "Acropolis 2006 Women Section"]
[Site "http://www.chessfed.gr/Acropo"]
[Date "2006.08.20"]
[Round "8.13"]
[White "Petraki, Maria"]
[Black "Sperdokli, Elli"]
[Result "1-0"]
[WhiteElo "2094"]
[BlackElo "2129"]
[PlyCount "81"]
[EventDate "2006.08.13"]

1. e4 c5 2. Nf3 d6 3. Bc4 e6 4. O-O a6 5. a4 Nf6 6. d3 Be7 7. Bb3 b6 8. Re1 Bb7
9. c3 Qc7 10. Nbd2 Nc6 11. Bc2 Nd7 12. Nf1 h6 13. Ng3 g5 14. h3 O-O-O 15. d4
Rdg8 16. Nh2 Kb8 17. Be3 Nf8 18. Rb1 a5 19. d5 Ne5 20. b4 Nfg6 21. bxa5 bxa5
22. Nh5 Nc4 23. Bc1 Ka7 24. Ng4 Nge5 25. Nxe5 Nxe5 26. Bb3 exd5 27. Bxd5 Bxd5
28. exd5 Rb8 29. Rb5 Rxb5 30. axb5 Rb8 31. Qe2 Qd7 32. c4 Kb6 33. Bb2 Ng6 34.
Qf3 f5 35. Re6 Rg8 36. Qxf5 Nf8 37. Nf6 Bxf6 38. Rxf6 Qxf5 39. Rxf5 Ng6 40. Rf6
Kc7 41. Rf7+ 1-0

[Event "Acropolis 2006 Women Section"]
[Site "http://www.chessfed.gr/Acropo"]
[Date "2006.08.20"]
[Round "8.14"]
[White "Foisor, Mihaela-Veronica"]
[Black "Grapsa, Georgia"]
[Result "1-0"]
[WhiteElo "2005"]
[BlackElo "2098"]
[PlyCount "89"]
[EventDate "2006.08.13"]

1. c4 c5 2. Nc3 Nf6 3. g3 d5 4. cxd5 Nxd5 5. Bg2 Nc7 6. Qa4+ Bd7 7. Qb3 Nc6 8.
Qxb7 Rb8 9. Qxc6 e6 10. Qe4 Be7 11. Nf3 O-O 12. O-O Rb4 13. Qc2 h5 14. b3 f5
15. Ba3 Rb6 16. Ne5 Be8 17. Rad1 Ra6 18. Bc1 Bf6 19. Nc4 h4 20. Ba3 Bc6 21.
Bxc5 Bxg2 22. Kxg2 Re8 23. d4 Nd5 24. Nxd5 Qxd5+ 25. f3 Bg5 26. e4 fxe4 27.
fxe4 Qa8 28. a4 e5 29. d5 Qc8 30. Be3 h3+ 31. Kg1 Qg4 32. Bxg5 Qxg5 33. Qd2 Qg4
34. Qe3 Rf6 35. Rxf6 Qxd1+ 36. Rf1 Qc2 37. Qf3 Re7 38. d6 Rb7 39. Qf8+ Kh7 40.
Qf5+ Kg8 41. Qxh3 Qxe4 42. Qc8+ Kh7 43. Qf5+ Qxf5 44. Rxf5 e4 45. Rd5 1-0

[Event "Acropolis 2006 Women Section"]
[Site "http://www.chessfed.gr/Acropo"]
[Date "2006.08.20"]
[Round "8.15"]
[White "Pambalou, Fotini"]
[Black "Nikolaidou, Eleni"]
[Result "1-0"]
[WhiteElo "2127"]
[BlackElo "1897"]
[PlyCount "71"]
[EventDate "2006.08.13"]

1. e4 c5 2. c3 d5 3. exd5 Qxd5 4. d4 Nf6 5. Nf3 Bg4 6. dxc5 Qxd1+ 7. Kxd1 e5 8.
b4 Be7 9. Nbd2 O-O 10. Bd3 Nc6 11. Kc2 Bxf3 12. gxf3 a5 13. b5 Nd8 14. Ba3 Ne6
15. Rhe1 Bxc5 16. Bxc5 Nxc5 17. Rxe5 Nxd3 18. Kxd3 Rfd8+ 19. Kc2 Rd5 20. Rae1
g6 21. Nc4 Rad8 22. Rxd5 Rxd5 23. Re5 b6 24. Rxd5 Nxd5 25. Kd3 Kf8 26. Kd4 Nc7
27. a4 Ne6+ 28. Ke5 Ke7 29. Nxb6 f6+ 30. Kd5 Ng5 31. c4 Nxf3 32. c5 Kd8 33. c6
Kc7 34. Nc4 Ng5 35. b6+ Kb8 36. c7+ 1-0

[Event "Acropolis 2006 Women Section"]
[Site "http://www.chessfed.gr/Acropo"]
[Date "2006.08.20"]
[Round "8.16"]
[White "Pagali, Marianna"]
[Black "Stefanidi, Maria-Anna"]
[Result "1/2-1/2"]
[WhiteElo "1924"]
[BlackElo "2176"]
[PlyCount "145"]
[EventDate "2006.08.13"]

1. d4 Nf6 2. Nf3 g6 3. c4 c5 4. Nc3 cxd4 5. Nxd4 Bg7 6. g3 O-O 7. Bg2 Nc6 8.
Nb3 d6 9. O-O Be6 10. Nd5 Rc8 11. f4 a5 12. Be3 Bxd5 13. cxd5 Nb4 14. Rc1 a4
15. a3 Ng4 16. Bd4 Bxd4+ 17. Qxd4 Rxc1 18. Nxc1 Nc2 19. Qa7 Qc7 20. Nd3 Qc4 21.
Qxb7 Nge3 22. Rc1 Nxg2 23. Kxg2 Qe4+ 24. Kf2 Ne3 25. Qb4 Ng4+ 26. Ke1 Qxd5 27.
Qxa4 Qh1+ 28. Kd2 Qxh2 29. Qd7 Qxg3 30. Qxe7 h5 31. f5 Nh6 32. fxg6 fxg6 33.
Qe3 Qxe3+ 34. Kxe3 Nf5+ 35. Kd2 Kg7 36. b4 g5 37. b5 g4 38. b6 Rb8 39. Rc7+ Kf6
40. b7 h4 41. Ke1 h3 42. Nf2 Kg5 43. e4 Nh6 44. Kf1 Kh4 45. Rh7 Kg3 46. Ke2 Rf8
47. Nxh3 gxh3 48. Rxh6 Rf2+ 49. Ke1 Rb2 50. Rg6+ Kf3 51. Rh6 Kg3 52. Rg6+ Kf4
53. Rh6 Kg4 54. Rh7 Kg3 55. Rg7+ Kf3 56. Rh7 Kxe4 57. Rxh3 Rxb7 58. Kd2 d5 59.
Rh4+ Ke5 60. a4 d4 61. Rh5+ Ke4 62. Rh4+ Kd5 63. Rh5+ Kc4 64. a5 Rb2+ 65. Kc1
Ra2 66. Kb1 Rg2 67. a6 Rg7 68. Ra5 Ra7 69. Kc2 Kb4 70. Ra1 Kb5 71. Kd3 Rxa6 72.
Rxa6 Kxa6 73. Kxd4 1/2-1/2

[Event "Acropolis 2006 Women Section"]
[Site "http://www.chessfed.gr/Acropo"]
[Date "2006.08.21"]
[Round "9.2"]
[White "Danielian, Elina"]
[Black "Krivec, Jana"]
[Result "1-0"]
[WhiteElo "2423"]
[BlackElo "2316"]
[PlyCount "57"]
[EventDate "2006.08.13"]

1. d4 d5 2. Bf4 c5 3. e4 dxe4 4. d5 Nf6 5. Nc3 a6 6. Qe2 Bg4 7. f3 exf3 8. gxf3
Bf5 9. O-O-O g6 10. Qe3 Nbd7 11. Nge2 Qb6 12. Ng3 O-O-O 13. h4 e5 14. dxe6 Bxe6
15. Nge4 Ne8 16. Nd5 Bxd5 17. Rxd5 f5 18. Ng5 Nef6 19. Rd1 Re8 20. Qd2 h6 21.
Nf7 Rh7 22. Bc4 Qc6 23. Rhe1 Rxe1 24. Rxe1 b5 25. Be6 Be7 26. Bh2 Qxf3 27.
Bxd7+ Nxd7 28. Rxe7 Qh1+ 29. Re1 1-0